00625nam a2200193Ia 4500008004100000020001800041041000800059082001500067100001700082245005000099260003500149300000900184500001700193500001700210650002500227700001700252999001700269952014500286230125s9999 xx 000 0 und d a81-203-1678-9 aeng a658.8bSRI aSrinivasan R aCase studies in marketing -The Indian context c2001bPrentice HallaNew Delhi a217p aCase studies aCases in mkt aMarketing management aSrinivasan R c91550d91550 00104070aHIMRbHIMRd2001-10-28eSatya Gilanig150.00o658.8 SRI DB0571pHIMR-DB-571r2023-01-25 00:00:00v150.00w2001-10-29yDBzDB0571